000
00205nam a22001097a 4500
100
_a
Issacson Walter
245
_a
Einsten
250
_a
2007
260
_b
Rocket Books
300
_a
675
942
_2
ddc
_c
BK
999
_c
11838
_d
11838